000 01318nam a22002777a 4500
001 9050
003 FISKH
005 20251128092342.0
008 251118b cb ||||| |||| 00| 0 eng d
040 _aFISKH
_bkhr
_cFISKH
_dFISKH
082 _a398.2
100 _aAnonymous
245 _aអ្នកកាប់ឈើ ហើយនិង សត្វពស់ /
_cBy Anonymous
260 _aPhnom Penh :
300 _a16 pages :
_bcolor illustrations ;
_c21 cm .
490 _aនិទានអប់រំគំនិត
505 _aK
520 _aអ្នកតារក្សាព្រៃភ្នំហើយនិងអ្នកបររទេះសេះ ,​ ឆ្កែ ហើយនិងឆ្កែចចក , អ្នកកាប់ឈើ ហើយនិងសត្វពស់ , បុរសកំណាញ់ហើយនិងមាសរបស់គាត់
520 _aHercules and the wagoner , The dog and the wolf , The woodman and the serpent , The mister and his gold
521 8 _a520
_bLexile estimate
521 8 _aK
_bRaz-Plus
650 _aអ្នកកាប់ឈើ និង សត្វពស់
_vរឿងនិទានកុមារ
650 _aThe woodman and the snake
_vChildren's Stories
942 _2ddc
_cKHB
_n0
999 _c9050
_d9050